000 00358nam a2200145Ia 4500
008 230917s9999||||xx |||||||||||||| ||und||
040 _e202151
_aMAIN
041 _aEnglish
082 _a574.19285 D541I
100 _aDiamandis, Eleftherios P
245 0 _aImmunoassay
260 _aBoston
_bAcademic Press
_c1996
300 _axxxii, 579 p.
942 _cBK
999 _c171259
_d171259